[Event "GER-ch Net blitz qual2"]
[Site "Playchess.com INT"]
[Date "2020.03.16"]
[Round "2"]
[White "Hoellenriegel, Daniela"]
[Black "Baltic, Fatih"]
[Result "0-1"]
[WhiteElo "2012"]
[BlackElo "2262"]
[PlyCount "86"]
[EventDate "2020.03.16"]
[EventType "swiss (blitz)"]
[EventRounds "9"]
[EventCountry "GER"]
[SourceTitle "CBM 195 Extra"]
[Source "ChessBase"]
[SourceDate "2020.05.31"]
[SourceVersion "1"]
[SourceVersionDate "2020.05.31"]
[SourceQuality "1"]

1. d4 Nf6 2. c3 d5 3. g3 c5 4. Bg2 Nc6 5. Nf3 g6 6. Bg5 Bg7 7. Bxf6 Bxf6 8. dxc5 a5 9. Nbd2 0-0 10. 0-0 Bf5 11. Re1 a4 12. e4 dxe4 13. Nxe4 Bg7 14. Qxd8 Rfxd8 15. Nh4 Be6 16. Ng5 Bc4 17. Bxc6 bxc6 18. Rxe7 Bf6 19. Re4 Bd5 20. Rg4 h5 21. Nxf7 Bxf7 22. Rf4 Bxh4 23. Rxh4 Rd2 24. Rb4 a3 25. b3 Ra5 26. Rb8+ Kg7 27. Rc8 Rxc5 28. c4 Rf5 29. Ra8 Rfxf2 30. Rxa3 Rg2+ 31. Kf1 Rxh2 32. Kg1 Rhg2+ 33. Kf1 Rxg3 34. Ra7 Rf3+ 35. Ke1 Rh2 36. Rd1 Rh1+ 37. Ke2 Rxd1 38. Kxf3 Kf6 39. Rc7 Be8 40. Rc8 Bd7 41. Rc7 Ke7 42. Kf4 Kd6 43. Rxd7+ Kxd7 0-1